| 000 | 00410nam a2200181Ia 4500 | ||
|---|---|---|---|
| 001 | 23380 | ||
| 005 | 20260414150933.0 | ||
| 008 | 260414t2016||||xx |||||||||||||| ||spa|| | ||
| 041 | _aESP | ||
| 082 |
_a629.89204 _bC17 |
||
| 100 |
_aCalo, Ryan _eAUT |
||
| 245 | 0 |
_aRobot law _b |
|
| 260 | _c2016 | ||
| 300 |
_axxiii, 402 páginas : _c24 cm. |
||
| 650 | _aCNM | ||
| 654 | _aCCN | ||
| 942 |
_cLIB _dJUS _fJUS _2ddc _n |
||
| 999 |
_c23380 _d23380 |
||